LIBRARY & INFORMATION CENTRE, KCAET, TAVANUR

ONLINE PUBLIC ACCESS CATALOGUE (OPAC)

Design fabrication and testing of a solar cabinet drier for spices (Record no. 15331)

MARC details
000 -LEADER
fixed length control field 00515nam a22001697a 4500
082 ## - DEWEY DECIMAL CLASSIFICATION NUMBER
Classification number 631.56
Item number ABD/DE
100 ## - MAIN ENTRY--AUTHOR NAME
Personal name ABDULLA HASHIM, P. A
245 ## - TITLE STATEMENT
Title Design fabrication and testing of a solar cabinet drier for spices
260 ## - PUBLICATION, DISTRIBUTION, ETC. (IMPRINT)
Place of publication Tavanur
Name of publisher Kelappaji College of Agricultural Engineering and Technology
Year of publication 1991
300 ## - PHYSICAL DESCRIPTION
Number of Pages 60
500 ## - GENERAL NOTE
General note project report
520 ## - SUMMARY, ETC.
Summary, etc project report
650 ## - SUBJECT ADDED ENTRY--TOPICAL TERM
Topical Term project report
700 ## - ADDED ENTRY--PERSONAL NAME
Personal name Joby Joseph
700 ## - ADDED ENTRY--PERSONAL NAME
Personal name Mohammed Shafi, M
942 ## - ADDED ENTRY ELEMENTS (KOHA)
Koha item type Project Report
Holdings
Withdrawn status Lost status Damaged status Home library Current library Date acquired Full call number Accession Number Koha item type
      KAUAET KAUAET 03/03/2018 631.56 ABD/DE 17789 Project Report
free website counter